000 01015nam a22002537a 4500
005 20170124103100.0
010 _aA-776424
020 _c60.00
_a8186298126
035 _aA-776424
037 _bCen Lib/Ret
040 _aDPL
_bHN
082 _a
_bनायक
100 _aनायक,काशी
_976709
245 _aअंतिम परिच्छेद /
_cकाशी नायक
246 _aAntim parichched /
_bby Kaashi Nayak
260 _aइलाहाबाद
_bपरिमल प्रकाशन
_c1996
270 _a17, एम.आई.जी, बाघम्बरी आवास योजना अल्लाह्पुर
_bइलाहाबाद
_e211006
300 _a32पृ.
_c16सेमी (सजिल्द)
650 _a साहित्य--कथा
_942948
650 _aहिंदी--कहानियां
_92082
650 _a Literature--Fiction
_976710
650 _aHindi-- Fiction
_927248
942 _2ddc
_cHN
_h
_mनायक
999 _c117765
_d117765